Mahapurush; (Record no. 81147)
[ view plain ]
| 000 -LEADER | |
|---|---|
| fixed length control field | 00531nam a2200205Ia 4500 |
| 003 - CONTROL NUMBER IDENTIFIER | |
| control field | OSt |
| 005 - DATE AND TIME OF LATEST TRANSACTION | |
| control field | 20250307140948.0 |
| 008 - FIXED-LENGTH DATA ELEMENTS--GENERAL INFORMATION | |
| fixed length control field | 210210b1963 xxu||||| |||| 00| 0 eng d |
| 040 ## - CATALOGING SOURCE | |
| Transcribing agency | AL |
| 041 ## - LANGUAGE CODE | |
| Language code of text/sound track or separate title | hin |
| 082 ## - DEWEY DECIMAL CLASSIFICATION NUMBER | |
| Classification number | H891.1 SHAM |
| 100 ## - MAIN ENTRY--PERSONAL NAME | |
| Personal name | SHARAN (Raghubir): |
| 9 (RLIN) | 204843 |
| 110 ## - MAIN ENTRY--CORPORATE NAME | |
| Corporate name or jurisdiction name as entry element | शरण रघुबीर |
| 9 (RLIN) | 204844 |
| 245 ## - TITLE STATEMENT | |
| Title | Mahapurush; |
| Remainder of title | महापुरुष |
| 260 ## - PUBLICATION, DISTRIBUTION, ETC. | |
| Place of publication, distribution, etc. | Meerat |
| Name of publisher, distributor, etc. | Bharatiy Sahity Prakashana |
| Date of publication, distribution, etc. | 1963 |
| 300 ## - PHYSICAL DESCRIPTION | |
| Extent | 48 |
| 690 ## - LOCAL SUBJECT ADDED ENTRY--TOPICAL TERM (OCLC, RLIN) | |
| Topical term or geographic name as entry element | Hindi Poetry |
| 9 (RLIN) | 204845 |
| 906 ## - LOCAL DATA ELEMENT F, LDF (RLIN) | |
| a | 029949 |
| 942 ## - ADDED ENTRY ELEMENTS (KOHA) | |
| Source of classification or shelving scheme | Dewey Decimal Classification |
| Koha item type | Book |
| Withdrawn status | Lost status | Source of classification or shelving scheme | Damaged status | Not for loan | Collection code | Home library | Current library | Shelving location | Date acquired | Cost, normal purchase price | Total Checkouts | Full call number | Barcode | Date last seen | Price effective from | Koha item type |
|---|---|---|---|---|---|---|---|---|---|---|---|---|---|---|---|---|
| Dewey Decimal Classification | Hindi | St Aloysius Library | St Aloysius Library | Secondary stack section | 02/17/2021 | 2.00 | H891.1 SHAM | 029949 | 02/17/2021 | 02/17/2021 | Book |